Memoria : presentada á dicha corporación por la Comisión Especial de Sanidad nombrada con motivo de la : epidemia colérica de 1885 y acuerdos : tomados a consecuencia de la misma presentada á dicha corporación por la Comisión Especial de Sanidad nombrada con motivo de la :
Descripción Física:
68 p. ; 27 cm
MARC
| LEADER | 00000nam a2200000Ia 4500 | ||
|---|---|---|---|
| 001 | 22331 | ||
| 008 | 160829s1885 xx 000 0 cat d | ||
| 080 | |a C-3-376 | ||
| 245 | |a Memoria : |b presentada á dicha corporación por la Comisión Especial de Sanidad nombrada con motivo de la : |b epidemia colérica de 1885 y acuerdos : |b tomados a consecuencia de la misma | ||
| 260 | |a Barcelona : |b Diputación Provincial de Barcelona, |c 1885 | ||
| 300 | |a 68 p. ; |c 27 cm | ||
| 590 | |a Prové de 1025. | ||
| 590 | |a Hi ha còpia manuscrita a: 1025. | ||
| 650 | |a Còlera |9 38802 | ||
| 650 | |a Malalties transmissibles |9 47788 | ||
| 710 | 1 | |a Barcelona (Catalunya : Província). |b Diputació |9 52408 | |
| 901 | |a Arxiu | ||
| 942 | |n 1 | ||
| 952 | |0 0 |1 0 |4 0 |6 C3376 |7 1 |9 54112 |a Arxiu |b Arxiu |d 2016-12-01 |l 0 |o C-3-376 |p 22331 |r 2016-12-01 00:00:00 |w 2016-12-01 |y ARXIU | ||
| 999 | |c 57981 |d 57981 | ||